Situating claim-making: Land and adivasi assertion in Jharkhand (Record no. 515413)

000 -LEADER
fixed length control field 01527nam a22001577a 4500
008 - FIXED-LENGTH DATA ELEMENTS--GENERAL INFORMATION
fixed length control field 210127b ||||| |||| 00| 0 eng d
100 ## - MAIN ENTRY--PERSONAL NAME
Personal name Jairath, Vasundhara.
245 ## - TITLE STATEMENT
Title Situating claim-making: Land and adivasi assertion in Jharkhand
260 ## - PUBLICATION, DISTRIBUTION, ETC. (IMPRINT)
Place of publication, distribution, etc Sociological Bulletin
300 ## - PHYSICAL DESCRIPTION
Extent 69(1), Apr, 2020: p.51-66
520 ## - SUMMARY, ETC.
Summary, etc Adivasi assertion of distinction based in the communities’ relationship with land and their surrounding environment has been the subject of much debate within academic writing. Critiquing romantic and essentialising images of adivasi societies, recent literature on adivasi politics, increasingly read within the frame of a politics of indigeneity, has raised questions regarding the nature of mobilisation around such romantic imagery. In this article, I suggest the need to reframe the question we ask of movements that make seemingly romantic claims, by asking how and why such claims take the shape that they do. In asking this question, the article argues for a reading of political claims made within the movement as historically contingent and rooted in the dynamic of the conflict that allows for its emergence. Understanding them as such allows for a renewed understanding of seemingly romantic claims, which instead point to the material and historical complex within which the struggle takes place. – Reproduced
650 ## - SUBJECT ADDED ENTRY--TOPICAL TERM
Topical term or geographic name as entry element Adivasi politics, Indigeneity, Essentialism, Displacement, Land
9 (RLIN) 20882
773 ## - HOST ITEM ENTRY
Main entry heading Sociological Bulletin
906 ## - LOCAL DATA ELEMENT F, LDF (RLIN)
Subject DIP TRIBES
942 ## - ADDED ENTRY ELEMENTS (KOHA)
Item type Articles
Holdings
Withdrawn status Lost status Source of classification or shelving scheme Damaged status Not for loan Permanent location Current location Date acquired Serial Enumeration / chronology Barcode Date last seen Koha item type
          Indian Institute of Public Administration Indian Institute of Public Administration 2021-01-27 69(1), Apr, 2020: p.51-66 AR123922 2021-01-27 Articles

Powered by Koha